हजार बरस की नीव (Record no. 1045)
[ view plain ]
| 000 -LEADER | |
|---|---|
| fixed length control field | 01329 a2200253 4500 |
| 005 - DATE AND TIME OF LATEST TRANSACTION | |
| control field | 20080903170938.0 |
| 008 - FIXED-LENGTH DATA ELEMENTS--GENERAL INFORMATION | |
| fixed length control field | 080903t xxu||||| |||| 00| 0 hin d |
| 010 ## - LCCN (DPL NO) | |
| LC control number | HIN-78944 B-356880 |
| 020 ## - INTERNATIONAL STANDARD BOOK NUMBER | |
| International Standard Book Number | 8190266993 |
| Terms of availability | 100.00 |
| 035 ## - SYSTEM CONTROL NUMBER | |
| System control number | HN-51290 |
| 035 ## - SYSTEM CONTROL NUMBER | |
| System control number | B-356880 |
| 037 ## - SOURCE OF ACQUISITION | |
| Source of stock number/acquisition | D. B. Act. / pub |
| 082 ## - DEWEY DECIMAL CLASSIFICATION NUMBER | |
| Classification number | उ |
| 100 ## - MAIN ENTRY--PERSONAL NAME | |
| Personal name | वाशिष्ठ ,सावित्री |
| 245 ## - TITLE STATEMENT | |
| Title | हजार बरस की नीव |
| Statement of responsibility, etc | सावित्री वशिष्ट |
| 246 ## - VARYING FORM OF TITLE | |
| Title proper/short title | Hajar baras ki neev |
| Remainder of title | by Savitri Vashisht |
| 260 ## - PUBLICATION, DISTRIBUTION, ETC. (IMPRINT) | |
| Place of publication, distribution, etc | दिल्ली |
| Name of publisher, distributor, etc | ज्ञानोदय |
| Date of publication, distribution, etc | 2007 |
| 270 ## - ADDRESS | |
| Address | 1/6281, गली नं 3 पूर्वी रोहताश नगर , शाहदरा |
| City | दिल्ली |
| Postal code | 110032 |
| Telephone number | 27420386 |
| 300 ## - PHYSICAL DESCRIPTION | |
| Extent | 61पृ |
| Dimensions | 22 सेमी (सजिल्द) |
| 942 ## - ADDED ENTRY ELEMENTS (KOHA) | |
| Institution code [OBSOLETE] | dpl |
| Item type | Hindi Books |
| Call number prefix | उ / वशिष्ट |
| Source of classification or shelving scheme | Dewey Decimal Classification |
| Classification part | उ |
| Call number suffix | वशिष्ट |
| Withdrawn status | Lost status | Source of classification or shelving scheme | Damaged status | Not for loan | Collection code | Home library | Current library | Date acquired | Cost, normal purchase price | Total Checkouts | Full call number | Barcode | Date last seen | Copy number | Cost, replacement price | Koha item type |
|---|---|---|---|---|---|---|---|---|---|---|---|---|---|---|---|---|
| Dewey Decimal Classification | Not For Loan | Fiction | D.B.Act.Division | D.B.Act.Division | 03/09/2008 | 100.00 | उ वशिष्ट | HN-51290 | 15/09/2008 | 1 | 100.00 | Hindi Books | ||||
| Dewey Decimal Classification | Fiction | Janak Puri | Janak Puri | 09/09/2009 | 100.00 | 1 | उ वशिष्ट | B-356880 | 22/03/2010 | 1 | 100.00 | Hindi Books |
